00358nam a2200133Ia 4500008004100000041000800041082001400049100002000063245004500083250001400128260004400142300003100186365000700217240624s9999 xx 000 0 und d aeng a658.8 REE aREEDER ROBERT R aINDUSTRIAL MARKETING ANALYSIS PLANNING A a(2nd ed.) c2004aNew DelhibPrentice-Hall of India axvi, : 670 : p. : cm. ; 24 cRS